| 000 | 00648nam a2200241Ia 4500 | ||
|---|---|---|---|
| 003 | OSt | ||
| 005 | 20221007071705.0 | ||
| 006 | a|||||r|||| 00| 0 | ||
| 007 | ta | ||
| 008 | 221006b |||||||| |||| 00| 0 eng d | ||
| 024 | _a1,038 | ||
| 037 | _cReference Collections | ||
| 040 |
_aFLL _cFLL _beng |
||
| 041 |
_2eng _aeng |
||
| 082 | _aX:96:Z3, L3;1 | ||
| 100 | _aRideout R. W. | ||
| 245 | 0 | _aTrade unions and the law | |
| 260 |
_aLondon _bGeorge Allen & Unwin ltd. UK _c1973 |
||
| 300 |
_a276p _ccm. |
||
| 650 | _aLabour Law | ||
| 942 |
_hX:96:Z3, L3;1 _cREF _2CC |
||
| 999 |
_c1143983 _d1143983 |
||